| 000 | 00466nam a22001577a 4500 | ||
|---|---|---|---|
| 003 | macl | ||
| 005 | 20180217123318.0 | ||
| 008 | 180217b xxu||||| |||| 00| 0 eng d | ||
| 040 | _cmacl | ||
| 082 | _a891.437 | ||
| 100 |
_aथानवी , शाैकत _970411 |
||
| 245 | _aनीलाेफर | ||
| 260 |
_aदिल्ली _bसाहित्य अकादमी _c2012 |
||
| 650 |
_aव्यग्ंय _970412 |
||
| 942 |
_2ddc _cHIN |
||
| 999 |
_c57277 _d57277 |
||